[Event "Greek Team Championship"]
[Site "chess24.com"]
[Date "2017.07.05"]
[Round "4"]
[White "Georgakopoulos, Nikolaos K."]
[Black "Lentzos, Ioanis"]
[Result "1-0"]
[Board "8"]
[WhiteElo "2047"]
[WhiteCountry "GRE"]
[WhiteFideId "4283430"]
[WhiteEloChange "10"]
[BlackElo "2038"]
[BlackCountry "GRE"]
[BlackFideId "4255470"]
[BlackEloChange "-10"]

1. e4 {[%clk 1:30:57]} c6 {[%clk 1:30:55]} 2. d4 {[%clk 1:31:21]} d5 {[%clk
1:31:23]} 3. e5 {[%clk 1:31:42]} Bf5 {[%clk 1:31:48]} 4. h4 {[%clk 1:32:04]} h5
{[%clk 1:31:55]} 5. Bd3 {[%clk 1:32:20]} Bxd3 {[%clk 1:32:04]} 6. Qxd3 {[%clk
1:32:42]} e6 {[%clk 1:32:28]} 7. Nf3 {[%clk 1:32:27]} c5 {[%clk 1:23:17]} 8. c3
{[%clk 1:27:42]} Nc6 {[%clk 1:20:13]} 9. O-O {[%clk 1:23:00]} cxd4 {[%clk
1:16:55]} 10. cxd4 {[%clk 1:23:19]} Nge7 {[%clk 1:14:16]} 11. Bg5 {[%clk
1:11:13]} Qb6 {[%clk 0:58:39]} 12. Nc3 {[%clk 1:11:06]} Nf5 {[%clk 0:57:43]} 13.
Nxd5 {[%clk 1:11:30]} exd5 {[%clk 0:55:54]} 14. Qxf5 {[%clk 1:11:54]} Nxd4 {[%clk
0:46:07]} 15. Nxd4 {[%clk 1:10:06]} Qxd4 {[%clk 0:41:08]} 16. e6 {[%clk 1:09:07]}
f6 {[%clk 0:36:43]} 17. Qg6+ {[%clk 1:08:17]} Kd8 {[%clk 0:32:11]} 18. Rad1
{[%clk 1:04:58]} Qc5 {[%clk 0:27:45]} 19. Bxf6+ {[%clk 1:04:21]} Be7 {[%clk
0:20:46]} 20. Bxe7+ {[%clk 1:03:48]} Kxe7 {[%clk 0:19:18]} 21. Qf7+ {[%clk
1:03:55]} Kd6 {[%clk 0:19:45]} 22. Qd7+ {[%clk 1:03:52]} Ke5 {[%clk 0:20:12]} 23.
Rfe1+ {[%clk 1:03:59]} 1-0

[Event "Greek Team Championship"]
[Site "chess24.com"]
[Date "2017.07.05"]
[Round "4"]
[White "Makris, Spyridon-Dionysios"]
[Black "Patrelakis, Evaggelos"]
[Result "1-0"]
[Board "9"]
[WhiteElo "1859"]
[WhiteCountry "GRE"]
[WhiteFideId "25801376"]
[WhiteEloChange "12"]
[BlackElo "1925"]
[BlackCountry "GRE"]
[BlackFideId "4295102"]
[BlackEloChange "-12"]

1. d4 {[%clk 1:30:58]} Nf6 {[%clk 1:30:52]} 2. c4 {[%clk 1:31:24]} g6 {[%clk
1:31:16]} 3. Nc3 {[%clk 1:31:51]} Bg7 {[%clk 1:31:38]} 4. e4 {[%clk 1:32:17]} d6
{[%clk 1:32:03]} 5. Be2 {[%clk 1:32:45]} O-O {[%clk 1:32:23]} 6. Nf3 {[%clk
1:33:13]} e5 {[%clk 1:32:44]} 7. d5 {[%clk 1:33:40]} Na6 {[%clk 1:32:22]} 8. Nd2
{[%clk 1:30:38]} Nd7 {[%clk 1:30:38]} 9. h4 {[%clk 1:29:52]} f5 {[%clk 1:28:57]}
10. h5 {[%clk 1:29:10]} Ndc5 {[%clk 1:20:53]} 11. a3 {[%clk 1:04:29]} Qe8 {[%clk
1:12:10]} 12. b4 {[%clk 0:37:14]} Nxe4 {[%clk 1:00:25]} 13. Ndxe4 {[%clk
0:37:15]} fxe4 {[%clk 1:00:53]} 14. g4 {[%clk 0:36:53]} gxh5 {[%clk 0:50:26]} 15.
Rxh5 {[%clk 0:37:16]} Qg6 {[%clk 0:49:52]} 16. Be3 {[%clk 0:37:40]} Rf4 {[%clk
0:46:35]} 17. g5 {[%clk 0:27:18]} Bd7 {[%clk 0:34:09]} 18. Kd2 {[%clk 0:26:38]}
Raf8 {[%clk 0:28:43]} 19. Qh1 {[%clk 0:23:06]} Be8 {[%clk 0:22:00]} 20. Rg1
{[%clk 0:21:07]} Qf5 {[%clk 0:20:57]} 21. g6 {[%clk 0:21:02]} Qf6 {[%clk
0:15:31]} 22. gxh7+ {[%clk 0:19:12]} Kh8 {[%clk 0:15:58]} 23. Rhg5 {[%clk
0:19:25]} Bh6 {[%clk 0:14:21]} 24. Nxe4 {[%clk 0:16:54]} Rxe4 {[%clk 0:12:20]}
25. Rg8+ {[%clk 0:16:54]} Kxh7 {[%clk 0:12:40]} 26. R1g7+ {[%clk 0:17:19]} Qxg7
{[%clk 0:12:57]} 27. Rxg7+ {[%clk 0:17:46]} Kxg7 {[%clk 0:13:19]} 28. Bxh6+
{[%clk 0:18:12]} Kf7 {[%clk 0:12:48]} 29. Qxe4 {[%clk 0:18:21]} 1-0

[Event "Greek Team Championship"]
[Site "chess24.com"]
[Date "2017.07.05"]
[Round "4"]
[White "Fyntrilakis, Kyriakos"]
[Black "Fragkos, Vasileios"]
[Result "0-1"]
[Board "10"]
[WhiteElo "1647"]
[WhiteCountry "GRE"]
[WhiteFideId "4286030"]
[WhiteEloChange "-15"]
[BlackElo "1453"]
[BlackCountry "GRE"]
[BlackFideId "25832646"]
[BlackEloChange "15"]

1. e4 {[%clk 1:30:56]} e5 {[%clk 1:30:50]} 2. Nf3 {[%clk 1:31:19]} Nc6 {[%clk
1:31:05]} 3. Bb5 {[%clk 1:31:40]} a6 {[%clk 1:31:15]} 4. Ba4 {[%clk 1:32:09]} Nf6
{[%clk 1:31:23]} 5. O-O {[%clk 1:31:51]} Be7 {[%clk 1:31:34]} 6. Re1 {[%clk
1:32:18]} b5 {[%clk 1:31:39]} 7. Bb3 {[%clk 1:32:33]} d6 {[%clk 1:31:46]} 8. c3
{[%clk 1:32:28]} O-O {[%clk 1:31:19]} 9. h3 {[%clk 1:32:45]} Bb7 {[%clk 1:30:58]}
10. d4 {[%clk 1:30:46]} exd4 {[%clk 1:29:34]} 11. cxd4 {[%clk 1:31:03]} Nb8
{[%clk 1:29:13]} 12. Nbd2 {[%clk 1:30:05]} Nbd7 {[%clk 1:28:58]} 13. Bc2 {[%clk
1:26:15]} c5 {[%clk 1:27:14]} 14. Nf1 {[%clk 1:25:25]} Re8 {[%clk 1:23:26]} 15.
Ng3 {[%clk 1:24:21]} g6 {[%clk 1:23:02]} 16. b3 {[%clk 1:14:19]} Bf8 {[%clk
1:19:23]} 17. Bb2 {[%clk 1:14:43]} Bg7 {[%clk 1:17:56]} 18. Qd2 {[%clk 1:09:23]}
Nb6 {[%clk 1:03:42]} 19. Rad1 {[%clk 1:05:09]} Rc8 {[%clk 1:00:18]} 20. Bb1
{[%clk 1:02:49]} b4 {[%clk 0:48:43]} 21. dxc5 {[%clk 0:55:22]} dxc5 {[%clk
0:48:59]} 22. Qg5 {[%clk 0:55:25]} Nfd7 {[%clk 0:45:53]} 23. Qxd8 {[%clk
0:54:47]} Rexd8 {[%clk 0:45:19]} 24. Bxg7 {[%clk 0:53:55]} Kxg7 {[%clk 0:43:43]}
25. Rd6 {[%clk 0:54:09]} Kf8 {[%clk 0:37:31]} 26. Nd2 {[%clk 0:47:12]} Rc6 {[%clk
0:33:49]} 27. Rxc6 {[%clk 0:45:30]} Bxc6 {[%clk 0:33:31]} 28. Nf3 {[%clk
0:42:05]} a5 {[%clk 0:32:44]} 29. Rd1 {[%clk 0:40:10]} Ke7 {[%clk 0:32:34]} 30.
Kf1 {[%clk 0:40:31]} a4 {[%clk 0:32:11]} 31. Ke2 {[%clk 0:40:20]} axb3 {[%clk
0:31:39]} 32. axb3 {[%clk 0:40:48]} Ra8 {[%clk 0:31:40]} 33. Kd2 {[%clk 0:35:34]}
Ra3 {[%clk 0:30:37]} 34. Kc2 {[%clk 0:35:08]} c4 {[%clk 0:25:56]} 35. Nd4 {[%clk
0:34:28]} cxb3+ {[%clk 0:25:50]} 36. Kc1 {[%clk 0:33:51]} Ba4 {[%clk 0:26:07]}
37. Re1 {[%clk 0:25:34]} Nc4 {[%clk 0:20:58]} 38. Kd1 {[%clk 0:26:16]} b2+ {[%clk
0:20:58]} 39. Ke2 {[%clk 0:26:16]} Nc5 {[%clk 0:21:08]} 40. Nf1 {[%clk 0:54:29]}
Ra1 {[%clk 0:50:32]} 41. Nd2 {[%clk 0:40:42]} Na3 {[%clk 0:49:41]} 42. g3 {[%clk
0:40:08]} b3 {[%clk 0:49:51]} 43. f3 {[%clk 0:35:46]} Nc2 {[%clk 0:49:22]} 0-1

[Event "Greek Team Championship"]
[Site "chess24.com"]
[Date "2017.07.05"]
[Round "4"]
[White "Banikas, Hristos"]
[Black "Mista, Aleksander"]
[Result "1/2-1/2"]
[Board "1"]
[WhiteElo "2567"]
[WhiteTitle "GM"]
[WhiteCountry "GRE"]
[WhiteFideId "4202031"]
[WhiteEloChange "1"]
[BlackElo "2605"]
[BlackTitle "GM"]
[BlackCountry "POL"]
[BlackFideId "1110381"]
[BlackEloChange "-1"]

1. d4 {[%clk 1:30:56]} Nf6 {[%clk 1:30:55]} 2. Nf3 {[%clk 1:31:22]} g6 {[%clk
1:31:21]} 3. g3 {[%clk 1:31:36]} d5 {[%clk 1:31:35]} 4. Bg2 {[%clk 1:31:54]} Bg7
{[%clk 1:32:01]} 5. O-O {[%clk 1:32:14]} O-O {[%clk 1:32:28]} 6. c4 {[%clk
1:32:39]} e6 {[%clk 1:32:36]} 7. Nbd2 {[%clk 1:31:42]} b6 {[%clk 1:29:18]} 8. b3
{[%clk 1:32:01]} Bb7 {[%clk 1:28:16]} 9. Bb2 {[%clk 1:32:25]} Nbd7 {[%clk
1:28:08]} 10. Rc1 {[%clk 1:25:37]} c5 {[%clk 1:22:05]} 11. Qc2 {[%clk 1:24:51]}
Rc8 {[%clk 1:21:46]} 12. Qb1 {[%clk 1:25:07]} Qe7 {[%clk 1:17:39]} 13. Rfd1
{[%clk 1:24:25]} Rfd8 {[%clk 1:12:16]} 14. cxd5 {[%clk 1:23:08]} exd5 {[%clk
1:07:38]} 15. e3 {[%clk 1:23:12]} Nf8 {[%clk 1:05:12]} 16. a3 {[%clk 1:07:55]}
Ne6 {[%clk 1:01:29]} 17. Qa1 {[%clk 1:08:15]} Ne4 {[%clk 0:46:57]} 18. dxc5
{[%clk 1:06:31]} Bxb2 {[%clk 0:45:49]} 19. Qxb2 {[%clk 1:06:57]} bxc5 {[%clk
0:46:01]} 20. Nxe4 {[%clk 1:03:50]} dxe4 {[%clk 0:46:27]} 21. Nd2 {[%clk
1:04:03]} Ng5 {[%clk 0:45:24]} 22. h4 {[%clk 1:00:57]} Nf3+ {[%clk 0:45:23]} 23.
Nxf3 {[%clk 1:01:22]} exf3 {[%clk 0:45:47]} 24. Bf1 {[%clk 1:01:44]} Bd5 {[%clk
0:43:27]} 25. Qc3 {[%clk 0:57:25]} Qe6 {[%clk 0:38:20]} 26. b4 {[%clk 0:55:48]}
cxb4 {[%clk 0:35:37]} 27. Qxb4 {[%clk 0:55:12]} Rxc1 {[%clk 0:34:50]} 28. Rxc1
{[%clk 0:55:31]} Rc8 {[%clk 0:33:22]} 29. Rxc8+ {[%clk 0:53:44]} Qxc8 {[%clk
0:33:50]} 30. Qd4 {[%clk 0:53:40]} Qb7 {[%clk 0:33:19]} 31. h5 {[%clk 0:52:35]}
gxh5 {[%clk 0:29:05]} 32. Qe5 {[%clk 0:47:03]} Be4 {[%clk 0:27:00]} 33. Qxh5
{[%clk 0:47:25]} Bg6 {[%clk 0:22:05]} 34. Qe5 {[%clk 0:46:13]} h5 {[%clk
0:21:31]} 35. Bb5 {[%clk 0:41:54]} Kh7 {[%clk 0:19:26]} 36. Qc5 {[%clk 0:40:04]}
a6 {[%clk 0:09:51]} 37. Bf1 {[%clk 0:37:08]} Qb1 {[%clk 0:10:10]} 38. Qb4 {[%clk
0:37:10]} Qa1 {[%clk 0:09:19]} 39. e4 {[%clk 0:32:21]} Qe5 {[%clk 0:01:55]} 40.
Bxa6 {[%clk 1:02:01]} h4 {[%clk 0:30:58]} 41. gxh4 {[%clk 1:00:51]} Qe6 {[%clk
0:26:16]} 42. Bf1 {[%clk 0:59:05]} Qg4+ {[%clk 0:26:41]} 43. Kh1 {[%clk 0:59:27]}
Qxh4+ {[%clk 0:24:17]} 44. Kg1 {[%clk 0:59:51]} Qg4+ {[%clk 0:24:38]} 45. Kh1
{[%clk 1:00:12]} Bxe4 {[%clk 0:24:55]} 46. Qd6 {[%clk 0:59:39]} Kg7 {[%clk
0:22:31]} 47. Kh2 {[%clk 0:58:57]} Qh4+ {[%clk 0:21:14]} 48. Kg1 {[%clk 0:59:06]}
Bg6 {[%clk 0:19:37]} 49. Qe5+ {[%clk 0:59:04]} Kg8 {[%clk 0:19:11]} 50. Qb8+
{[%clk 0:58:41]} Kg7 {[%clk 0:19:30]} 51. Qe5+ {[%clk 0:57:37]} Kg8 {[%clk
0:19:57]} 52. Qg3 {[%clk 0:57:45]} Qe4 {[%clk 0:20:16]} 53. Qb8+ {[%clk 0:56:52]}
Kg7 {[%clk 0:19:57]} 54. Qb4 {[%clk 0:56:52]} Qe5 {[%clk 0:19:53]} 55. Qb5 {[%clk
0:54:41]} Qf4 {[%clk 0:18:55]} 56. Qb2+ {[%clk 0:54:19]} Kg8 {[%clk 0:19:19]} 57.
Qb4 {[%clk 0:53:57]} Qg5+ {[%clk 0:19:33]} 58. Kh2 {[%clk 0:53:58]} Qe5+ {[%clk
0:17:23]} 59. Kg1 {[%clk 0:54:24]} Qg5+ {[%clk 0:16:46]} 60. Kh2 {[%clk 0:54:49]}
Qe5+ {[%clk 0:17:04]} 1/2-1/2

[Event "Greek Team Championship"]
[Site "chess24.com"]
[Date "2017.07.05"]
[Round "4"]
[White "Postny, Evgeny"]
[Black "Stankovic, Milos"]
[Result "1-0"]
[Board "2"]
[WhiteElo "2581"]
[WhiteTitle "GM"]
[WhiteCountry "ISR"]
[WhiteFideId "2804344"]
[WhiteEloChange "3"]
[BlackElo "2395"]
[BlackTitle "IM"]
[BlackCountry "SRB"]
[BlackFideId "938190"]
[BlackEloChange "-5"]

1. d4 {[%clk 1:28:48]} Nf6 {[%clk 1:29:44]} 2. c4 {[%clk 1:29:12]} g6 {[%clk
1:29:44]} 3. f3 {[%clk 1:29:39]} Nc6 {[%clk 1:29:25]} 4. d5 {[%clk 1:29:59]} Ne5
{[%clk 1:28:36]} 5. e4 {[%clk 1:30:22]} d6 {[%clk 1:27:54]} 6. Nc3 {[%clk
1:30:47]} Bg7 {[%clk 1:27:40]} 7. f4 {[%clk 1:31:10]} Ned7 {[%clk 1:27:31]} 8.
Nh3 {[%clk 1:31:34]} O-O {[%clk 1:25:31]} 9. Be2 {[%clk 1:31:57]} e6 {[%clk
1:23:28]} 10. dxe6 {[%clk 1:31:45]} fxe6 {[%clk 1:23:19]} 11. Be3 {[%clk
1:31:59]} e5 {[%clk 1:14:17]} 12. f5 {[%clk 1:30:04]} Nc5 {[%clk 0:55:02]} 13.
O-O {[%clk 1:07:11]} c6 {[%clk 0:51:42]} 14. Qc2 {[%clk 1:04:58]} a5 {[%clk
0:48:24]} 15. Nf2 {[%clk 1:01:38]} Ne8 {[%clk 0:42:52]} 16. Bg4 {[%clk 0:54:33]}
Qe7 {[%clk 0:37:17]} 17. Bh3 {[%clk 0:51:32]} gxf5 {[%clk 0:35:13]} 18. exf5
{[%clk 0:45:26]} Qf7 {[%clk 0:34:56]} 19. Bxc5 {[%clk 0:43:19]} dxc5 {[%clk
0:34:20]} 20. Nce4 {[%clk 0:40:02]} Bxf5 {[%clk 0:29:05]} 21. Bxf5 {[%clk
0:39:27]} Qxf5 {[%clk 0:29:15]} 22. Nh1 {[%clk 0:37:02]} Qg6 {[%clk 0:27:39]} 23.
Rxf8+ {[%clk 0:35:42]} Bxf8 {[%clk 0:27:14]} 24. Rd1 {[%clk 0:29:40]} Nd6 {[%clk
0:21:20]} 25. Nhg3 {[%clk 0:29:00]} Be7 {[%clk 0:13:06]} 26. Rd3 {[%clk 0:23:08]}
Kh8 {[%clk 0:08:40]} 27. Qe2 {[%clk 0:20:04]} Nxe4 {[%clk 0:08:38]} 28. Qxe4
{[%clk 0:16:57]} Qxe4 {[%clk 0:08:30]} 29. Nxe4 {[%clk 0:17:23]} Rd8 {[%clk
0:08:51]} 30. Rxd8+ {[%clk 0:17:46]} Bxd8 {[%clk 0:09:14]} 31. Nd6 {[%clk
0:18:03]} Bc7 {[%clk 0:04:37]} 32. Nxb7 {[%clk 0:18:02]} Kg7 {[%clk 0:04:38]} 33.
Kf2 {[%clk 0:16:14]} Kf6 {[%clk 0:04:24]} 34. Kf3 {[%clk 0:16:29]} Ke7 {[%clk
0:04:22]} 35. Nxc5 {[%clk 0:16:52]} e4+ {[%clk 0:04:48]} 36. Kxe4 {[%clk
0:12:16]} Bxh2 {[%clk 0:05:11]} 37. Kf5 {[%clk 0:12:11]} Bg1 {[%clk 0:04:50]} 38.
Ne4 {[%clk 0:11:51]} Bd4 {[%clk 0:04:38]} 39. b3 {[%clk 0:12:15]} Bg7 {[%clk
0:04:51]} 40. Ng5 {[%clk 0:41:46]} h6 {[%clk 0:35:05]} 41. Ne4 {[%clk 0:38:39]}
Bd4 {[%clk 0:35:20]} 42. g4 {[%clk 0:37:52]} Be3 {[%clk 0:35:32]} 43. Ke5 {[%clk
0:37:59]} Bg1 {[%clk 0:35:40]} 44. Nd2 {[%clk 0:34:57]} Bf2 {[%clk 0:35:40]} 45.
Nf3 {[%clk 0:33:24]} Be3 {[%clk 0:35:42]} 46. Ke4 {[%clk 0:29:42]} Bc1 {[%clk
0:35:54]} 47. Ne5 {[%clk 0:29:50]} Kd6 {[%clk 0:36:13]} 48. c5+ {[%clk 0:29:21]}
Kc7 {[%clk 0:36:23]} 49. Nc4 {[%clk 0:29:46]} 1-0

[Event "Greek Team Championship"]
[Site "chess24.com"]
[Date "2017.07.05"]
[Round "4"]
[White "Alexiadis, Hristos"]
[Black "Stavrianakis, Ioannis"]
[Result "0-1"]
[Board "3"]
[WhiteElo "2264"]
[WhiteTitle "FM"]
[WhiteCountry "GRE"]
[WhiteFideId "4249623"]
[WhiteEloChange "-10"]
[BlackElo "2267"]
[BlackTitle "FM"]
[BlackCountry "GRE"]
[BlackFideId "4208412"]
[BlackEloChange "10"]

1. d4 {[%clk 1:29:20]} e6 {[%clk 1:30:22]} 2. Nf3 {[%clk 1:29:13]} Nf6 {[%clk
1:30:34]} 3. Bf4 {[%clk 1:29:28]} d5 {[%clk 1:30:06]} 4. Nbd2 {[%clk 1:28:43]}
Be7 {[%clk 1:30:01]} 5. h3 {[%clk 1:28:10]} b6 {[%clk 1:28:50]} 6. e3 {[%clk
1:28:32]} Bb7 {[%clk 1:29:06]} 7. Bd3 {[%clk 1:27:27]} Nbd7 {[%clk 1:28:53]} 8.
c3 {[%clk 1:27:15]} Ne4 {[%clk 1:18:42]} 9. Qc2 {[%clk 1:23:54]} Nxd2 {[%clk
1:18:48]} 10. Nxd2 {[%clk 1:24:19]} Nf6 {[%clk 1:19:13]} 11. g4 {[%clk 1:19:46]}
h6 {[%clk 1:17:32]} 12. O-O-O {[%clk 1:15:03]} Bd6 {[%clk 1:15:39]} 13. g5 {[%clk
1:13:27]} hxg5 {[%clk 1:15:31]} 14. Bxg5 {[%clk 1:11:48]} Qd7 {[%clk 1:14:46]}
15. e4 {[%clk 1:08:27]} dxe4 {[%clk 1:12:23]} 16. Nxe4 {[%clk 1:08:52]} Be7
{[%clk 1:11:44]} 17. Nxf6+ {[%clk 1:04:47]} gxf6 {[%clk 1:09:38]} 18. Be4 {[%clk
1:05:07]} O-O-O {[%clk 1:07:03]} 19. Bxb7+ {[%clk 1:02:24]} Kxb7 {[%clk 1:07:27]}
20. Be3 {[%clk 1:01:24]} Rh4 {[%clk 1:05:45]} 21. c4 {[%clk 0:58:15]} Qc6 {[%clk
1:03:42]} 22. Kb1 {[%clk 0:55:21]} Rdh8 {[%clk 1:01:13]} 23. Qd3 {[%clk 0:51:49]}
Rxh3 {[%clk 0:55:01]} 24. Rxh3 {[%clk 0:52:15]} Rxh3 {[%clk 0:55:25]} 25. d5
{[%clk 0:52:39]} exd5 {[%clk 0:50:51]} 26. cxd5 {[%clk 0:53:00]} Qd7 {[%clk
0:50:27]} 27. Qc4 {[%clk 0:49:02]} Bd6 {[%clk 0:42:47]} 28. Rc1 {[%clk 0:36:17]}
Rh5 {[%clk 0:38:44]} 29. Rd1 {[%clk 0:34:37]} a6 {[%clk 0:33:49]} 30. a3 {[%clk
0:33:52]} Qb5 {[%clk 0:29:52]} 31. Qxb5 {[%clk 0:34:18]} axb5 {[%clk 0:30:21]}
32. b4 {[%clk 0:34:40]} Kc8 {[%clk 0:30:42]} 33. Kc2 {[%clk 0:34:45]} Kd7 {[%clk
0:30:58]} 34. Rd3 {[%clk 0:33:26]} Be5 {[%clk 0:29:17]} 35. Bc1 {[%clk 0:29:53]}
Rh4 {[%clk 0:25:39]} 36. Be3 {[%clk 0:29:12]} Kd6 {[%clk 0:25:04]} 37. f3 {[%clk
0:27:25]} Rh2+ {[%clk 0:24:24]} 38. Kc1 {[%clk 0:27:12]} Bg3 {[%clk 0:11:17]} 39.
Kd1 {[%clk 0:23:47]} Rh5 {[%clk 0:11:04]} 40. Ke2 {[%clk 0:52:18]} Rxd5 {[%clk
0:41:23]} 41. Rc3 {[%clk 0:52:41]} Be5 {[%clk 0:40:17]} 42. Rc2 {[%clk 0:50:39]}
c5 {[%clk 0:39:27]} 43. Bd2 {[%clk 0:50:10]} Kc6 {[%clk 0:34:25]} 44. Be3 {[%clk
0:49:54]} Bd4 {[%clk 0:32:10]} 45. Bf4 {[%clk 0:50:12]} Rf5 {[%clk 0:31:52]} 46.
Bd2 {[%clk 0:50:10]} Rh5 {[%clk 0:32:11]} 47. Bf4 {[%clk 0:49:52]} Rh1 {[%clk
0:32:21]} 48. Kd3 {[%clk 0:49:36]} Kd5 {[%clk 0:31:39]} 49. Ke2 {[%clk 0:49:57]}
Ra1 {[%clk 0:21:14]} 50. Bc1 {[%clk 0:50:16]} c4 {[%clk 0:21:10]} 51. Kd2 {[%clk
0:50:21]} c3+ {[%clk 0:19:33]} 52. Kd3 {[%clk 0:50:44]} f5 {[%clk 0:19:48]} 0-1

[Event "Greek Team Championship"]
[Site "chess24.com"]
[Date "2017.07.05"]
[Round "4"]
[White "Balokas, Dimitrios"]
[Black "Petrakis, Ilias"]
[Result "1-0"]
[Board "4"]
[WhiteElo "2219"]
[WhiteCountry "GRE"]
[WhiteFideId "4216920"]
[WhiteEloChange "8"]
[BlackElo "2165"]
[BlackCountry "GRE"]
[BlackFideId "4208323"]
[BlackEloChange "-8"]

1. c4 {[%clk 1:29:53]} e5 {[%clk 1:30:50]} 2. Nc3 {[%clk 1:30:15]} Nc6 {[%clk
1:31:06]} 3. g3 {[%clk 1:29:33]} Bc5 {[%clk 1:31:25]} 4. Bg2 {[%clk 1:29:40]} d6
{[%clk 1:31:41]} 5. Nf3 {[%clk 1:29:15]} Nf6 {[%clk 1:29:13]} 6. O-O {[%clk
1:29:32]} Bf5 {[%clk 1:25:42]} 7. d3 {[%clk 1:25:03]} h6 {[%clk 1:20:37]} 8. e3
{[%clk 1:21:30]} O-O {[%clk 1:20:15]} 9. a3 {[%clk 1:11:10]} a5 {[%clk 1:20:12]}
10. Nd5 {[%clk 1:08:39]} Nxd5 {[%clk 1:16:40]} 11. cxd5 {[%clk 1:08:39]} Ne7
{[%clk 1:17:05]} 12. d4 {[%clk 1:08:40]} exd4 {[%clk 1:17:10]} 13. Nxd4 {[%clk
1:09:00]} Bd7 {[%clk 1:15:32]} 14. b3 {[%clk 1:07:24]} Qc8 {[%clk 1:15:38]} 15.
Re1 {[%clk 0:51:42]} Bh3 {[%clk 1:14:28]} 16. Bh1 {[%clk 0:51:44]} Ng6 {[%clk
1:09:06]} 17. Bb2 {[%clk 0:44:05]} Qd7 {[%clk 0:58:30]} 18. Qd2 {[%clk 0:36:28]}
Rfe8 {[%clk 0:56:42]} 19. b4 {[%clk 0:29:04]} Bb6 {[%clk 0:51:01]} 20. Nb3 {[%clk
0:24:55]} axb4 {[%clk 0:47:53]} 21. axb4 {[%clk 0:25:23]} Rxa1 {[%clk 0:44:19]}
22. Bxa1 {[%clk 0:25:52]} Qg4 {[%clk 0:42:36]} 23. Qc3 {[%clk 0:19:38]} f6 {[%clk
0:40:03]} 24. Nd2 {[%clk 0:16:41]} Ne5 {[%clk 0:36:33]} 25. f4 {[%clk 0:15:56]}
Ng6 {[%clk 0:30:03]} 26. Bf3 {[%clk 0:15:36]} Qf5 {[%clk 0:29:04]} 27. Kh1 {[%clk
0:12:02]} Bg4 {[%clk 0:15:18]} 28. Bg2 {[%clk 0:10:06]} h5 {[%clk 0:13:15]} 29.
e4 {[%clk 0:09:53]} Qd7 {[%clk 0:12:26]} 30. Nc4 {[%clk 0:10:03]} Ba7 {[%clk
0:12:20]} 31. f5 {[%clk 0:09:50]} h4 {[%clk 0:11:31]} 32. fxg6 {[%clk 0:09:42]}
Bf2 {[%clk 0:11:35]} 33. Rf1 {[%clk 0:09:43]} h3 {[%clk 0:09:43]} 34. Bf3 {[%clk
0:07:59]} Ba7 {[%clk 0:09:48]} 35. Nd2 {[%clk 0:08:13]} Re7 {[%clk 0:09:36]} 36.
Bxg4 {[%clk 0:08:07]} Qxg4 {[%clk 0:10:01]} 37. Qf3 {[%clk 0:08:29]} Qxg6 {[%clk
0:10:05]} 38. Bc3 {[%clk 0:07:19]} Qe8 {[%clk 0:09:12]} 39. g4 {[%clk 0:07:18]}
c6 {[%clk 0:06:57]} 40. dxc6 {[%clk 0:36:42]} Qxc6 {[%clk 0:30:00]} 41. Qxh3
{[%clk 0:27:00]} d5 {[%clk 0:36:34]} 42. exd5 {[%clk 0:21:08]} Qxd5+ {[%clk
0:34:46]} 43. Qf3 {[%clk 0:21:37]} Qb5 {[%clk 0:34:49]} 44. Qf5 {[%clk 0:11:43]}
Qc6+ {[%clk 0:32:14]} 45. Rf3 {[%clk 0:09:55]} Re1+ {[%clk 0:23:52]} 46. Kg2
{[%clk 0:10:24]} Re2+ {[%clk 0:24:10]} 47. Kf1 {[%clk 0:10:37]} Rxh2 {[%clk
0:17:34]} 48. g5 {[%clk 0:09:53]} Qe8 {[%clk 0:11:30]} 49. Qe4 {[%clk 0:09:03]}
Qa4 {[%clk 0:08:02]} 50. Qe6+ {[%clk 0:09:27]} Kh8 {[%clk 0:06:06]} 51. Qc8+
{[%clk 0:07:49]} Kh7 {[%clk 0:06:29]} 52. Rh3+ {[%clk 0:07:13]} Rxh3 {[%clk
0:06:53]} 53. Qxh3+ {[%clk 0:07:39]} Kg6 {[%clk 0:07:06]} 54. Qd3+ {[%clk
0:07:50]} Kxg5 {[%clk 0:06:38]} 55. Ne4+ {[%clk 0:07:39]} Kf4 {[%clk 0:05:46]}
56. Nd6 {[%clk 0:03:35]} Qa2 {[%clk 0:03:13]} 57. Qf5+ {[%clk 0:03:15]} Kg3
{[%clk 0:02:42]} 58. Be1+ {[%clk 0:03:34]} 1-0

[Event "Greek Team Championship"]
[Site "chess24.com"]
[Date "2017.07.05"]
[Round "4"]
[White "Szczepkowska, Karina"]
[Black "Hristodoulaki, Antonia"]
[Result "1-0"]
[Board "5"]
[WhiteElo "2414"]
[WhiteTitle "IM"]
[WhiteCountry "POL"]
[WhiteFideId "1122681"]
[WhiteEloChange "1"]
[BlackElo "2032"]
[BlackCountry "GRE"]
[BlackFideId "4214935"]
[BlackEloChange "-2"]

1. d4 {[%clk 1:30:56]} Nf6 {[%clk 1:28:31]} 2. c4 {[%clk 1:31:04]} e6 {[%clk
1:28:56]} 3. Nf3 {[%clk 1:31:29]} Bb4+ {[%clk 1:28:23]} 4. Nbd2 {[%clk 1:30:29]}
c6 {[%clk 1:25:33]} 5. a3 {[%clk 1:27:39]} Ba5 {[%clk 1:21:19]} 6. b4 {[%clk
1:24:50]} Bc7 {[%clk 1:21:32]} 7. e4 {[%clk 1:24:42]} d5 {[%clk 1:08:41]} 8. e5
{[%clk 1:23:20]} Nfd7 {[%clk 1:06:47]} 9. h4 {[%clk 1:19:13]} f6 {[%clk 0:55:11]}
10. Bb2 {[%clk 1:17:29]} Qe7 {[%clk 0:51:44]} 11. Bd3 {[%clk 1:15:04]} a5 {[%clk
0:45:30]} 12. cxd5 {[%clk 1:07:45]} exd5 {[%clk 0:32:02]} 13. O-O {[%clk
1:08:07]} fxe5 {[%clk 0:30:52]} 14. dxe5 {[%clk 1:05:54]} axb4 {[%clk 0:23:09]}
15. axb4 {[%clk 1:05:03]} Rxa1 {[%clk 0:21:47]} 16. Bxa1 {[%clk 1:02:35]} Qxb4
{[%clk 0:20:19]} 17. Bf5 {[%clk 0:58:19]} Ke7 {[%clk 0:11:53]} 18. Qc2 {[%clk
0:56:53]} h6 {[%clk 0:10:49]} 19. Bc3 {[%clk 0:55:06]} Qc5 {[%clk 0:09:49]} 20.
e6 {[%clk 0:54:01]} Ne5 {[%clk 0:03:45]} 21. Nxe5 {[%clk 0:50:51]} d4 {[%clk
0:03:31]} 22. Ng6+ {[%clk 0:50:04]} Ke8 {[%clk 0:03:33]} 23. Ne4 {[%clk 0:47:50]}
Qd5 {[%clk 0:02:24]} 24. Rd1 {[%clk 0:44:43]} Bxe6 {[%clk 0:00:43]} 25. Bxe6
{[%clk 0:43:51]} Qxe6 {[%clk 0:01:11]} 26. Re1 {[%clk 0:41:55]} Kd8 {[%clk
0:00:57]} 27. Ng5 {[%clk 0:40:27]} Qd5 {[%clk 0:00:40]} 28. Ne6+ {[%clk 0:40:02]}
Kd7 {[%clk 0:00:39]} 29. Nxh8 {[%clk 0:40:09]} 1-0